| 000 | 01341cam a22003494a 4500 | ||
|---|---|---|---|
| 999 |
_c530023 _d530023 |
||
| 001 | 13500355 | ||
| 003 | NUST | ||
| 005 | 20191008152308.0 | ||
| 008 | 040224s2004 nyua b 001 0beng | ||
| 010 | _a 2004045469 | ||
| 020 | _a0385507488 | ||
| 038 | _awaseem | ||
| 040 |
_aDLC _cDLC _dDLC |
||
| 042 | _apcc | ||
| 043 | _an-us--- | ||
| 050 | 0 | 0 |
_aGV865.W5 _bM66 2004b |
| 082 | 0 | 0 |
_a796.357092 _bMON |
| 100 | 1 |
_aMontville, Leigh. _923312 |
|
| 245 | 1 | 0 |
_aTed Williams : _bthe biography of an American hero / _cLeigh Montville. |
| 250 | _a1st ed. | ||
| 260 |
_aNew York : _bDoubleday, _cc2004. |
||
| 300 |
_axiv, 513 p. : _bill. ; _c24 cm. |
||
| 504 | _aIncludes bibliographical references (p. [497]-498) and index. | ||
| 600 | 1 | 0 |
_aWilliams, Ted, _d1918-2002. _923313 |
| 650 | 0 |
_aBaseball players _zUnited States _vBiography. _923314 |
|
| 856 | 4 | 2 |
_3Contributor biographical information _uhttp://www.loc.gov/catdir/bios/random056/2004045469.html |
| 856 | 4 | 1 |
_3Sample text _uhttp://www.loc.gov/catdir/samples/random051/2004045469.html |
| 856 | 4 | 2 |
_3Publisher description _uhttp://www.loc.gov/catdir/description/random052/2004045469.html |
| 906 |
_a7 _bcbc _corignew _d1 _eocip _f20 _gy-gencatlg |
||
| 942 |
_2ddc _cBK |
||